Statistics for University of Georgia

Click here to take the quiz!

General Stats

  • This quiz has been taken 97 times
  • The average score is 11 of 15

Answer Stats

HintAnswer% Correct
It is located in what town?Athens
100%
The school is represented by what type of animal?Bulldog
99%
The school's two primary colorsRed and Black
94%
The school's live mascot is namedUga
93%
The football stadium is namedSanford Stadium
91%
After wins, it is customary to ring the __________.Chapel Bell
84%
It is said that if you walk under the _______ before graduation, you will never graduate.Georgia Arch
82%
The most recent football national Championship1980
76%
The school's costumed mascot is namedHairy Dawg
68%
It was founded in what year?1785
61%
The school's second Heisman Trophy WinnerHerschel Walker
60%
The school's current head football coachMark Richt
59%
The campus newspaper is calledThe Red & Black
39%
The current president of the UniversityJere W. Morehead
29%
The school's first Heisman Trophy WinnerFrank Sinkwich
26%

Score Distribution

Percentile by Number Answered

Percent of People with Each Score

Your Score History

You have not taken this quiz